Narrativa latinoamericana actual, Film /

Gorde:
Xehetasun bibliografikoak
Egile nagusia: Revagliatti, Rolando
Formatua: Ezezaguna
Hizkuntza:Spanish
Gaiak:
Etiketak: Etiketa erantsi
Etiketarik gabe, Izan zaitez lehena erregistro honi etiketa jartzen!

MARC

LEADER 000000000a22000000004500
001 007471
041 0 |a spa 
100 1 |a Revagliatti, Rolando 
245 1 0 |a Narrativa latinoamericana actual, Film /   |c Rolando Revagliatti. 
650 4 |a CINE LATINOAMERICANOLITERATURA LATINOAMERICANA 
650 4 |a NARRATIVA 
773 0 |x 0252-84790#  |d Heredia, Costa Rica : Instituto de Estudios Latinoamericanos (IDELA)  |t Repertorio Américano. Nueva Época  |g número 8 (1999), páginas 134-135 
942 |c ARC 
999 |c 13509  |d 13509